000 00944 a2200445 4500
000 BKB
001 136655
005 20200902153059.0
008
010 _a
020 _a8180691055
082 _a307.1412072
_bM89P
100 1 _aMukherjee, Amitava
110 _a
245 1 _aParticipatory rural appraisal : methods and applications in rural planning
_cby Amitava Mukherjee
250 _a2nd rev. ed.
260 _aNew Delhi
_bConcept publishing
_c2004
300 _a456p.
490 _a
_v
500 _a
600 _a
610 _a
611 _a
630 _aSocial Work
650 _a
651 _a
654 _a
690 _aRural development
700 _a
_b
_c
710 _a
_b
_c
711 _a
720 _a
730 _a
740 _a
752 _a
856 _a
_d
_f
904 _a
964 _a
_b
_c
_d
_e
_f
_g
965 _a
999 _c9847
_d9847